Welcome to CU Library Online Public Access Catalogue (OPAC)

EARLY CHRISTIAN FATHERS (Record no. 6550)

MARC details
000 -LEADER
fixed length control field 00408nam a22001457a 4500
005 - DATE AND TIME OF LATEST TRANSACTION
control field 20250617132408.0
008 - FIXED-LENGTH DATA ELEMENTS--GENERAL INFORMATION
fixed length control field 250617b |||||||| |||| 00| 0 eng d
020 ## - INTERNATIONAL STANDARD BOOK NUMBER
International Standard Book Number 0020889801
050 ## - LIBRARY OF CONGRESS CALL NUMBER
Classification number BR60
Item number .R5 EAR
245 ## - TITLE STATEMENT
Title EARLY CHRISTIAN FATHERS
Statement of responsibility, etc. EDITED BY CYRIL C. RICHARDSON
260 ## - PUBLICATION, DISTRIBUTION, ETC.
Place of publication, distribution, etc. NEW YORK
Name of publisher, distributor, etc. MCMILLAN PUBLISHING CO, INC.
Date of publication, distribution, etc. 1979
300 ## - PHYSICAL DESCRIPTION
Extent 413p
700 ## - ADDED ENTRY--PERSONAL NAME
Personal name CYRIL C. RICHARDSON
942 ## - ADDED ENTRY ELEMENTS (KOHA)
Source of classification or shelving scheme Library of Congress Classification
Koha item type Books
Suppress in OPAC No
999 ## -
-- 6550
-- 6550
Holdings
Withdrawn status Lost status Source of classification or shelving scheme Damaged status Not for loan Collection Home library Current library Shelving location Date acquired Total checkouts Full call number Barcode Date last seen Copy number Price effective from Koha item type
    Library of Congress Classification     Non-fiction Undergraduate Library (Christ Temple) Undergraduate Library (Christ Temple) General stacks 06/17/2025   BR60.R5EAR ulct00003404 06/17/2025 1 06/17/2025 Books
© 2023-2024 Copyright: Central University Libraries. All Rights Reserved | Created by: Mahone Tech Office